| 000 | 01372nam a2200325 c 4500 | ||
|---|---|---|---|
| 999 |
_c17894 _d17894 |
||
| 003 | BLK | ||
| 005 | 20200311084814.0 | ||
| 008 | 180413b bul|||||r ||||||| ||bul|| | ||
| 010 | _aKNG00019905000 | ||
| 040 | _aBLK | ||
| 041 |
_aBUL _cBUL |
||
| 080 |
_aМетоди на управление. Мениджмънт. Анализи, планиране, ръководство, сътрудничество, контрол, коопериране и др. _b005.5 _z005.5 |
||
| 100 | 1 |
_aАндреева, Мария Йосифова _eпърви автор _9363636 |
|
| 139 |
_aАндреева, Мария Йосифова _bА 66 |
||
| 245 | 1 | 0 |
_aЕволюция на управленската наука и на управленското мислене _cМария Йосифова Андреева. |
| 257 | _aBGR | ||
| 260 |
_bХристо Ботев _c1997 |
||
| 300 |
_a208 с. _bс табл. _c24 см |
||
| 380 | _a0 | ||
| 500 | _a700 тир. - Библиогр. под линия. | ||
| 650 | 4 |
_aУправление - теория _9245497 |
|
| 650 | 4 |
_aУправленски труд _9244358 |
|
| 653 | _aуправление | ||
| 653 | _aуправленски труд | ||
| 852 | _aЦб 194982 | ||
| 856 | 4 |
_qpdf _u |
|
| 856 | 4 |
_qpdf _u |
|
| 942 |
_cKNG _n0 _s1 |
||
| 944 |
_aCR _c15.01.2003 _lф / _kЛюдмила_Стоянова |
||
| 944 |
_aED _c21.11.2011 _lф / |
||
| 999 | _d17894 | ||